| 000 | 00874nmm a2200313 a 4500 | ||
|---|---|---|---|
| 003 | AR-BaBNM | ||
| 005 | 20251128211146.0 | ||
| 008 | 073020s2000 ||||||||||||||000 | spa|| | ||
| 020 | _a950-577-282-3 | ||
| 040 | _cAR-BaBNM | ||
| 100 | 1 | _aBenincasa, José María C. | |
| 245 | 1 | 0 |
_aImportación exportación _bdelitos e infracciones aduaneras, praxis tributaria |
| 250 | _a1ª ed. | ||
| 260 |
_aBuenos Aires _bEditorial de Belgrano _c2000 |
||
| 300 | 0 | _a287 p. | |
| 500 | 0 | _aContiene referencias bibliográficas en p. 283-287 | |
| 650 | 4 | _aIMPORTACIONES | |
| 650 | 4 | _aEXPORTACIONES | |
| 650 | 4 | _aFINANCIACION | |
| 650 | 4 | _aCOMERCIO INTERNACIONAL | |
| 650 | 4 | _aPOLITICA COMERCIAL | |
| 650 | 4 | _aESTRUCTURA ECONOMICA | |
| 650 | 4 | _aADUANA | |
| 651 | 4 | _aArgentina | |
| 653 | 0 | _aECONOMIA POLITICA | |
| 653 | 0 | _aMERCOSUR | |
| 942 | _cBK | ||
| 998 | _cmariana | ||
| 999 |
_c18504 _d18504 |
||